00353 a2200121 450000100060000010000170000624500370002326000280006009000170008894200230010599900190012895200840014742270 aFlexner S B aHow to increase your world power abInc. Pli Asantvillec c26240d26240 aNUST-CAEcMc18048 c277343d277343 001040708NFICaCAEbCAEd2017-04-03l0pCAE42683r2017-04-05w2017-04-05yBK